• 首页
  • 本馆介绍
  • 公告通知
  • 最新文献
  • 馆藏检索
  • 电子资源
  • 读者导购
  • 参考咨询
  • 我的图书馆
  • 登录
  • 详细信息显示
  • 放入我的书架
  • 预约/预借图书
  • 作者相关作品
  • 分类相关作品
  • 丛书相关作品
  • 出版社相关作品

书目信息

  • 表格格式
  • 工作单格式
  • 卡片格式
题名:
太极拳学堂
    
 
作者: 李晖 编著
分册:   四十二式太极剑锻炼指导
出版信息: 北京   北京体育大学出版社  2000
页数: 137页
开本: 21cm
丛书名:
单 册:
中图分类: G852.24
科图分类:
主题词: 太极拳--中国 , 剑术(武术)--中国 , 太极拳 , 剑术(武术)
电子资源:
ISBN: 7-81051-501-2
000 00953nam0 2200265 450
001 1242647985
005 20121007115138.18
010    @a7-81051-501-2@dCNY13.00
100    @a20010522d2000 em y0chiy0110 ea
101 0  @achi
102    @aCN@b110000
105    @aa z 000yd
200 1  @a太极拳学堂@Atai ji quan xue tang@i四十二式太极剑锻炼指导@f李晖编著
210    @a北京@c北京体育大学出版社@d2000
215    @a137页@c照片@d21cm
314    @a李晖(女,1969~),生于广西桂林市,世界武术锦标赛太极剑冠军、太极拳亚军。著有《太极拳学堂——四十二式太极剑锻炼指导》等。
330    @a本书共分习剑常识、剑法演练、热身活动、锻炼指导和竞训答疑五课,主要讲解了剑的常识,武德修养,剑器选择,剑法演练以及一套行之有效的热身套路等。
606 0  @a太极拳@y中国
606 0  @a剑术(武术)@y中国
606 0  @a太极拳
606 0  @a剑术(武术)
690    @aG852.24@v4
701  0 @a李晖@Ali hui@4编著
801  0 @aCN@bNLC@c20101222
905    @a10447@dG852.11@eJY171
    
    太极拳学堂.四十二式太极剑锻炼指导/李晖编著.-北京:北京体育大学出版社,2000
    137页:照片;21cm
    
    
    ISBN 7-81051-501-2:CNY13.00
    本书共分习剑常识、剑法演练、热身活动、锻炼指导和竞训答疑五课,主要讲解了剑的常识,武德修养,剑器选择,剑法演练以及一套行之有效的热身套路等。
●
相关链接 在E读中查询图书 在五车中查询图书 在当当中查询图书 在豆瓣中查询图书


正题名:太极拳学堂     索取号:G852.11/JY171         预约/预借

序号 登录号 条形码 馆藏地/架位号 状态 备注
1 7828487   278284875   学院路分馆/ [索取号:G852.11/JY171] 在馆    
2 7828488   278284884   学院路分馆/ [索取号:G852.11/JY171] 在馆    
唐山师范学院图书馆 欢迎您!
大连网信软件有限公司© 版权所有